[Event "Hamburg-ch Seniors 65+ op 26th"]
[Site "Hamburg"]
[Date "2019.11.15"]
[Round "5"]
[White "Wichmann, Dieter"]
[Black "Schmeichel, Wolfgang"]
[Result "0-1"]
[WhiteElo "1592"]
[BlackElo "1618"]
[PlyCount "48"]
[EventDate "2019.11.11"]
[EventType "swiss"]
[EventRounds "9"]
[EventCountry "GER"]
[SourceTitle "EXT 2022"]
[Source "ChessBase"]
[SourceDate "2021.10.06"]
[SourceVersion "1"]
[SourceVersionDate "2021.10.06"]
[SourceQuality "1"]

1. d4 c5 2. e3 cxd4 3. exd4 Nf6 4. Nf3 Nc6 5. c3 d5 6. Bd3 g6 7. Qc2 Bg7 8. Bf4 0-0 9. 0-0 Nh5 10. Bg5 f6 11. Bxg6 hxg6 12. Qxg6 Qe8 13. Qxe8 Rxe8 14. Be3 e5 15. h3 Nf4 16. Rd1 Bf5 17. dxe5 fxe5 18. Bxf4 exf4 19. Rxd5 Be4 20. Rd2 Bxf3 21. gxf3 Re1+ 22. Kg2 Rae8 23. h4 Rc1 24. Kh3 Rce1 0-1

[Event "Hamburg-ch Seniors 65+"]
[Site "Hamburg"]
[Date "2018.11.03"]
[Round "4"]
[White "Wichmann, Dieter"]
[Black "Roepke, Karl Peter"]
[Result "1-0"]
[WhiteElo "1585"]
[BlackElo "1414"]
[PlyCount "115"]
[EventDate "2018.10.31"]
[EventType "swiss"]
[EventRounds "9"]
[EventCountry "GER"]
[SourceTitle "CBM 189 Extra"]
[Source "ChessBase"]
[SourceDate "2019.06.03"]
[SourceVersion "1"]
[SourceVersionDate "2019.06.03"]
[SourceQuality "1"]

1. d4 d5 2. Bf4 e6 3. Nf3 Bd6 4. Bg3 b6 5. e3 Bb7 6. Nbd2 c5 7. c3 Nd7 8. Bd3 Be7 9. Ne5 Nxe5 10. Bxe5 Bf6 11. Nf3 c4 12. Bc2 Bc6 13. Bf4 Rc8 14. Ne5 Bg5 15. Nxc6 Rxc6 16. Ba4 Kd7 17. Bxc6+ Kxc6 18. Qa4+ Kb7 19. Bxg5 Qxg5 20. Qd7+ Ka6 21. 0-0 Qe7 22. Qa4+ Kb7 23. b3 Qc7 24. bxc4 Qxc4 25. Qxc4 dxc4 26. Rfb1 Ne7 27. e4 Rc8 28. a4 a6 29. f4 Nc6 30. a5 b5 31. Kf2 Ne7 32. Ke3 Rd8 33. Ra2 g6 34. Rd1 Kc7 35. Kf3 h6 36. Rad2 Kc6 37. Re1 Rd7 38. Ke3 Kd6 39. Red1 Kc6 40. h3 f5 41. g4 Rd6 42. Rg1 fxe4 43. Kxe4 Rd5 44. Re1 Kd7 45. Rde2 Nc6 46. Kf3 Nd8 47. Re5 Kd6 48. Rxd5+ Kxd5 49. Re5+ Kd6 50. Rc5 Nc6 51. Ke4 b4 52. cxb4 Nxb4 53. Rxc4 Nc6 54. Ra4 Ne7 55. Rb4 Nd5 56. Rb8 Nc3+ 57. Kd3 Nb5 58. Rb6+ 1-0

[Event "Hamburg-ch Seniors 65+"]
[Site "Hamburg"]
[Date "2018.11.01"]
[Round "2"]
[White "Wichmann, Dieter"]
[Black "Behrensen Senfft, Joern"]
[Result "0-1"]
[WhiteElo "1585"]
[BlackElo "1688"]
[PlyCount "80"]
[EventDate "2018.10.31"]
[EventType "swiss"]
[EventRounds "9"]
[EventCountry "GER"]
[SourceTitle "CBM 189 Extra"]
[Source "ChessBase"]
[SourceDate "2019.06.03"]
[SourceVersion "1"]
[SourceVersionDate "2019.06.03"]
[SourceQuality "1"]

1. d4 e6 2. Bf4 d5 3. Nf3 Nd7 4. e3 Ngf6 5. c3 h6 6. h3 Be7 7. Nbd2 0-0 8. Bd3 b6 9. Ne5 Bb7 10. g4 Nxe5 11. dxe5 Ne4 12. Nf3 Bh4 13. Bxe4 dxe4 14. Qxd8 Bxd8 15. Nd4 c5 16. Nb5 Bg5 17. 0-0-0 Bxf4 18. exf4 e3 19. Rh2 exf2 20. Rxf2 Bd5 21. Nc7 Rad8 22. Nxd5 Rxd5 23. Rxd5 exd5 24. Rd2 Rd8 25. c4 d4 26. Kc2 Kf8 27. Kd3 Ke7 28. Ke4 f6 29. Rd3 fxe5 30. fxe5 Ke6 31. Rf3 Rd7 32. h4 d3 33. Rxd3 Rxd3 34. Kxd3 Kxe5 35. Ke3 g5 36. h5 a6 37. b3 b5 38. cxb5 axb5 39. a4 c4 40. bxc4 bxa4 0-1

[Event "Hamburg-ch Seniors 21st"]
[Site "Hamburg"]
[Date "2014.11.05"]
[Round "8"]
[White "Wichmann, Dieter"]
[Black "Hofmeier, Arthur"]
[Result "1-0"]
[WhiteElo "1380"]
[BlackElo "1247"]
[PlyCount "99"]
[EventDate "2014.10.29"]
[EventType "swiss"]
[EventRounds "9"]
[EventCountry "GER"]
[SourceTitle "EXT 2018"]
[Source "ChessBase"]
[SourceDate "2017.10.13"]
[SourceVersion "1"]
[SourceVersionDate "2017.10.13"]
[SourceQuality "1"]

1. d4 e6 2. Bf4 b6 3. Nf3 d6 4. e3 Bb7 5. c4 Be7 6. Nc3 Nf6 7. h3 h6 8. Be2 Nbd7 9. 0-0 c5 10. Re1 Nh7 11. d5 e5 12. Bh2 f5 13. Nd2 0-0 14. Bh5 Rf6 15. Bg3 e4 16. f3 Ne5 17. Rf1 g6 18. f4 Nd7 19. Be2 a6 20. a4 Kg7 21. Qe1 Rf7 22. Nb3 Bf6 23. a5 Rb8 24. axb6 Qxb6 25. Ra3 Qb4 26. Qa1 Bc8 27. Be1 Qb6 28. Bd1 Qd8 29. Na5 Rb6 30. Na4 Rb4 31. Bxb4 cxb4 32. Nc6 Qc7 33. Rb3 a5 34. Be2 Bb7 35. Na7 Ba6 36. Nc6 Nc5 37. Nxc5 dxc5 38. Nxa5 Bb7 39. Nxb7 Qxb7 40. Qa5 Qa7 41. Ra1 Qe7 42. Qb5 Nf8 43. Ra5 Nd7 44. Ra6 Qe8 45. Qc6 Re7 46. Ra7 Qf7 47. Rxd7 Rxd7 48. Qxc5 Be7 49. Qb5 h5 50. Qxd7 1-0

[Event "Hamburg-ch Seniors 18th"]
[Site "Hamburg"]
[Date "2011.11.01"]
[Round "4"]
[White "Wichmann, Dieter"]
[Black "Warneke, Perygrin"]
[Result "1-0"]
[WhiteElo "1415"]
[BlackElo "1715"]
[PlyCount "35"]
[EventDate "2011.10.29"]
[EventType "swiss"]
[EventRounds "9"]
[EventCountry "GER"]
[SourceTitle "EXT 2015"]
[Source "ChessBase"]
[SourceDate "2014.11.20"]
[SourceVersion "1"]
[SourceVersionDate "2014.11.20"]
[SourceQuality "1"]

1. d4 Nf6 2. Bf4 d5 3. e3 e6 4. Nf3 Be7 5. h3 0-0 6. Nbd2 c5 7. c3 a6 8. Bd3 Re8 9. Ne5 Nbd7 10. Ndf3 Nf8 11. Ng5 cxd4 12. exd4 Qa5 13. Ngxf7 g6 14. Bh6 N6d7 15. Qf3 Nxe5 16. Nxe5 Kh8 17. Qf7 Qd8 18. Qg7# 1-0

[Event "Hamburg-ch Seniors op 13th"]
[Site "Hamburg"]
[Date "2006.11.02"]
[Round "7"]
[White "Baumann, Siegfried"]
[Black "Wichmann, Dieter"]
[Result "1-0"]
[WhiteElo "1526"]
[BlackElo "1172"]
[PlyCount "83"]
[EventDate "2006.10.27"]
[EventType "swiss"]
[EventRounds "9"]
[EventCountry "GER"]
[SourceTitle "EXT 2022"]
[Source "ChessBase"]
[SourceDate "2021.10.06"]
[SourceVersion "1"]
[SourceVersionDate "2021.10.06"]
[SourceQuality "1"]

1. e4 e5 2. Nf3 Nc6 3. Bb5 f5 4. 0-0 fxe4 5. Bxc6 exf3 6. Bxf3 d5 7. Re1 Bd6 8. Bxd5 Nf6 9. Be4 0-0 10. h3 c6 11. d3 Bc5 12. Be3 Bxe3 13. Rxe3 Nxe4 14. Rxe4 Qb6 15. Re2 Qxb2 16. Nd2 Qd4 17. Nf3 Qf4 18. Re4 Qf6 19. Re3 Qg6 20. Kf1 Qf6 21. Qe1 e4 22. dxe4 b6 23. e5 Ba6+ 24. Kg1 Qg6 25. e6 Rae8 26. e7 Rf6 27. Ne5 Qxc2 28. Rc3 Qa4 29. Ng4 Rd6 30. Rf3 c5 31. Qe5 Rd1+ 32. Rxd1 Qxd1+ 33. Kh2 Qd7 34. Rf8+ Rxf8 35. exf8Q+ Kxf8 36. Qf4+ Ke7 37. Qe5+ Kd8 38. Qb8+ Qc8 39. Qd6+ Qd7 40. Qf8+ Kc7 41. Ne5 Qd6 42. Qxg7+ 1-0